000 00489nam a22001697a 4500
003 BD-ChCU
005 20251124123510.0
008 251124b bg ||||| |||| 00| 0 ben d
040 _cBD-ChCU
082 _a574.104 SOM
245 _aThe molecular basis of membranes function /
_cThe society of general physiologists
260 _aN.J. :
_bPrentice-Hall,
_c1969
300 _aix,598p. :
650 0 _aPhysiology
_916769
700 _aTosteson, D. C.
_eEditor
_916768
942 _2ddc
_cBK
_n0
999 _c109763
_d109763